[Event "Heusenstamm Sparkassen op-A 5th"]
[Site "Heusenstamm"]
[Date "2018.11.23"]
[Round "3"]
[White "Golubka, Petro"]
[Black "Koellner, Christof"]
[Result "1-0"]
[WhiteElo "2461"]
[BlackElo "2105"]
[WhiteFideId "-1"]
[BlackFideId "-1"]
[PlyCount "87"]
[GameId "1327662766313472"]
[EventDate "2018.11.22"]
[EventType "swiss"]
[EventRounds "7"]
[EventCountry "GER"]
[SourceTitle "CBM 188 Extra"]
[Source "ChessBase"]
[SourceDate "2019.02.28"]
[SourceVersion "1"]
[SourceVersionDate "2019.02.28"]
[SourceQuality "1"]

1. e4 e5 2. Nf3 Nc6 3. Bb5 Bc5 4. Bxc6 dxc6 5. d3 f6 6. Nc3 Be6 7. Be3 Bxe3 8. fxe3 Qd6 9. d4 O-O-O 10. Qd2 Nh6 11. O-O-O Bg4 12. h3 Bxf3 13. gxf3 f5 14. Qg2 Qf6 15. dxe5 Qxe5 16. f4 Qe7 17. e5 Rxd1+ 18. Rxd1 Rg8 19. a3 g5 20. Qf2 Kb8 21. Ne2 g4 22. Qg3 Rd8 23. Rxd8+ Qxd8 24. hxg4 fxg4 25. e4 Qg8 26. f5 Qg5+ 27. Qf4 Qxf4+ 28. Nxf4 Kc8 29. e6 Kd8 30. Nh5 Ke7 31. Kd2 Kd6 32. Ke3 Ng8 33. Kf4 c5 34. e5+ Ke7 35. Kxg4 b5 36. Nf4 c6 37. Kg5 c4 38. f6+ Kf8 39. c3 a5 40. Nh5 c5 41. Ng3 h6+ 42. Kg6 Ne7+ 43. fxe7+ Kxe7 44. Kf5 1-0

[Event "SWE-chT 1819 Superettan"]
[Site "Sweden"]
[Date "2019.01.12"]
[Round "4"]
[White "Golubka, Petro"]
[Black "Welin, Mats Erik Thomas"]
[Result "1/2-1/2"]
[WhiteElo "2477"]
[BlackElo "2328"]
[WhiteFideId "-1"]
[BlackFideId "-1"]
[PlyCount "51"]
[GameId "1372572685357056"]
[EventDate "2018.11.09"]
[EventType "team-tourn"]
[EventRounds "9"]
[EventCountry "SWE"]
[SourceTitle "EXT 2020"]
[Source "ChessBase"]
[SourceDate "2019.10.17"]
[SourceVersion "1"]
[SourceVersionDate "2019.10.17"]
[SourceQuality "1"]
[WhiteTeam "Vaxjo"]
[BlackTeam "Manhem"]
[WhiteTeamCountry "SWE"]
[BlackTeamCountry "SWE"]

1. d4 Nf6 2. c4 e6 3. Nc3 Bb4 4. e3 O-O 5. Nge2 c6 6. a3 Ba5 7. Ng3 d5 8. Bd3 Re8 9. O-O Nbd7 10. e4 dxc4 11. Bxc4 e5 12. Be3 exd4 13. Bxd4 Bb6 14. Nf5 Bxd4 15. Qxd4 Ne5 16. Qxd8 Rxd8 17. Ne3 Nxc4 18. Nxc4 Be6 19. Na5 Rab8 20. f4 Bd7 21. Rad1 b6 22. Nc4 Ng4 23. Rfe1 Be6 24. Nd6 f6 25. Rd4 Rd7 26. h3 1/2-1/2

[Event "SWE-chT 1819 Superettan"]
[Site "Sweden"]
[Date "2019.02.02"]
[Round "5"]
[White "Agrest, Evgenij"]
[Black "Golubka, Petro"]
[Result "1/2-1/2"]
[WhiteElo "2581"]
[BlackElo "2477"]
[WhiteFideId "-1"]
[BlackFideId "-1"]
[PlyCount "39"]
[GameId "1372572685488128"]
[EventDate "2018.11.09"]
[EventType "team-tourn"]
[EventRounds "9"]
[EventCountry "SWE"]
[SourceTitle "EXT 2020"]
[Source "ChessBase"]
[SourceDate "2019.10.17"]
[SourceVersion "1"]
[SourceVersionDate "2019.10.17"]
[SourceQuality "1"]
[WhiteTeam "Alingsas"]
[BlackTeam "Vaxjo"]
[WhiteTeamCountry "SWE"]
[BlackTeamCountry "SWE"]

1. Nf3 d5 2. e3 c5 3. c4 e6 4. b3 Nf6 5. Bb2 Nc6 6. cxd5 Nxd5 7. Nc3 Nf6 8. a3 Be7 9. Qc2 Bd7 10. h3 Rc8 11. g4 h6 12. Bg2 Qb6 13. Na4 Qb5 14. Bf1 Qa5 15. Rc1 Nb8 16. Ne5 b5 17. Nxd7 Nfxd7 18. Nc3 c4 19. bxc4 bxc4 20. Be2 1/2-1/2

[Event "SWE-chT 1819 Superettan"]
[Site "Sweden"]
[Date "2019.01.11"]
[Round "6"]
[White "Golubka, Petro"]
[Black "Lyrberg, Patrik"]
[Result "1-0"]
[WhiteElo "2477"]
[BlackElo "2452"]
[WhiteFideId "-1"]
[BlackFideId "-1"]
[PlyCount "133"]
[GameId "1372572685623296"]
[EventDate "2018.11.09"]
[EventType "team-tourn"]
[EventRounds "9"]
[EventCountry "SWE"]
[SourceTitle "EXT 2020"]
[Source "ChessBase"]
[SourceDate "2019.10.17"]
[SourceVersion "1"]
[SourceVersionDate "2019.10.17"]
[SourceQuality "1"]
[WhiteTeam "Vaxjo"]
[BlackTeam "Kungstornet"]
[WhiteTeamCountry "SWE"]
[BlackTeamCountry "SWE"]

1. e4 e5 2. Nf3 Nc6 3. Bb5 a6 4. Ba4 Nf6 5. d3 d6 6. c3 Be7 7. Nbd2 O-O 8. O-O b5 9. Bc2 Bg4 10. h3 Bh5 11. Re1 d5 12. Qe2 d4 13. g4 Bg6 14. cxd4 exd4 15. Nh2 Nd7 16. f4 f6 17. Bb3+ Bf7 18. Bxf7+ Rxf7 19. Ndf3 a5 20. Bd2 Ra6 21. Rac1 a4 22. Rc2 a3 23. bxa3 Bxa3 24. Rb1 Rb6 25. e5 Nc5 26. Bc1 Bb4 27. Rxb4 Nxb4 28. Rxc5 Nd5 29. Qb2 Nc3 30. Qb3 b4 31. Bd2 Kf8 32. Rc4 Qd5 33. Rxb4 Qxb3 34. Rxb3 Rxb3 35. axb3 c5 36. b4 cxb4 37. Nxd4 Ra7 38. Nhf3 Ra2 39. exf6 gxf6 40. Nb3 Nd5 41. Nfd4 Kf7 42. Kf1 Rb2 43. Ke1 Nc3 44. Nc1 h5 45. Bxc3 bxc3 46. Nde2 h4 47. d4 Rd2 48. d5 Ke7 49. d6+ Kd7 50. Nb3 Rb2 51. Nc5+ Kxd6 52. Ne4+ Kd5 53. N4xc3+ Kc4 54. Kf2 Rd2 55. Ne4 Rd3 56. Nxf6 Rxh3 57. g5 Rh2+ 58. Kf3 Rh3+ 59. Kg2 Re3 60. Ng1 Rg3+ 61. Kf2 Ra3 62. Nf3 Ra2+ 63. Ke3 h3 64. g6 Rg2 65. f5 Kc5 66. Kf4 Kd6 67. g7 1-0

[Event "SS Manhem GM"]
[Site "Molnlycke SWE"]
[Date "2018.08.11"]
[Round "1.4"]
[White "Golubka, Petro"]
[Black "Gritsak, Orest"]
[Result "1-0"]
[WhiteElo "2478"]
[BlackElo "2464"]
[WhiteFideId "-1"]
[BlackFideId "-1"]
[PlyCount "77"]
[GameId "2129404764996915"]
[EventDate "2018.08.11"]
[EventType "tourn"]
[EventRounds "9"]
[EventCountry "SWE"]
[EventCategory "8"]
[SourceTitle "10 Days #552"]
[Source "ChessMix"]
[SourceDate "2018.08.20"]
[SourceVersion "1"]
[SourceVersionDate "2018.08.20"]
[SourceQuality "1"]
[TimeControl "90+30"]
[WhiteClock "0:03:57"]
[BlackClock "0:11:28"]

1. e4 {[%emt 0:00:00]} e6 {[%emt 0:00:00]} 2. e5 {[%emt 0:00:00]} d6 {[%emt 0:00:00]} 3. exd6 {[%emt 0:00:00]} cxd6 {[%emt 0:00:00]} 4. d4 {[%emt 0:00:00]} Nf6 {[%emt 0:00:00]} 5. Nf3 {[%emt 0:00:00]} Be7 {[%emt 0:00:00]} 6. c4 {[%emt 0:00:00]} O-O {[%emt 0:00:00]} 7. Nc3 {[%emt 0:00:00]} d5 {[%emt 0:00:00]} 8. Bd3 {[%emt 0:00:00]} dxc4 {[%emt 0:00:00]} 9. Bxc4 {[%emt 0:00:00]} a6 {[%emt 0:00:00]} 10. a4 {[%emt 0:00:00]} b6 {[%emt 0:00:00]} 11. O-O {[%emt 0:00:00]} Bb7 {[%emt 0:00:00]} 12. Qe2 {[%emt 0:00:00]} Nc6 {[%emt 0:00:00]} 13. Rd1 {[%emt 0:00:00]} Nb4 {[%emt 0:00:00]} 14. Bb3 {[%emt 0:00:00]} Rc8 {[%emt 0:00:00]} 15. Bd2 {[%emt 0:00:00]} Bxf3 {[%emt 0:00:00]} 16. Qxf3 {[%emt 0:00:00]} Qd7 {[%emt 0:00:00]} 17. Bf4 {[%emt 0:00:00]} Rfd8 {[%emt 0:00:00]} 18. h4 {[%emt 0:00:00]} Qc6 {[%emt 0:00:00]} 19. Qe2 {[%emt 0:00:00]} Qb7 {[%emt 0:00:00]} 20. h5 {[%emt 0:00:00]} h6 {[%emt 0:00:00]} 21. Be5 {[%emt 0:00:00]} a5 {[%emt 0:00:00]} 22. Rac1 {[%emt 0:00:00]} Ne8 {[%emt 0:03:38]} 23. f4 {[%emt 0:00:00]} Bd6 {[%emt 0:01:02]} 24. Nb5 {[%emt 0:00:00]} Bxe5 {[%emt 0:01:33]} 25. fxe5 {[%emt 0:00:00]} Rxc1 {[%emt 0:00:31]} 26. Rxc1 {[%emt 0:00:00]} Rc8 {[%emt 0:00:02]} 27. Rf1 {[%emt 0:00:00]} Qd7 {[%emt 0:00:51]} 28. Qe4 {[%emt 0:00:00]} Rc6 {[%emt 0:00:25]} 29. Nc3 {[%emt 0:00:00]} Nc7 {[%emt 0:00:13]} 30. Rf3 {[%emt 0:00:00]} Ncd5 {[%emt 0:00:39]} 31. Rg3 {[%emt 0:00:00]} f5 {[%emt 0:01:59]} 32. Qh4 {[%emt 0:00:00]} Kf8 {[%emt 0:01:18]} 33. Rf3 {[%emt 0:00:00]} Ne7 {[%emt 0:00:21]} 34. Qf2 {[%emt 0:00:00]} Ke8 {[%emt 0:01:55]} 35. g4 {[%emt 0:00:00]} Rc8 {[%emt 0:01:40]} 36. gxf5 {[%emt 0:04:23]} Nxf5 {[%emt 0:00:23]} 37. Bxe6 {[%emt 0:03:04]} Qxe6 {[%emt 0:00:02]} 38. Rxf5 {[%emt 0:00:07]} Nd3 {[%emt 0:00:01]} 39. Qf3 {[%emt 0:01:58]} 1-0

[Event "SS Manhem GM"]
[Site "Molnlycke SWE"]
[Date "2018.08.12"]
[Round "2.2"]
[White "Lindberg, Bengt"]
[Black "Golubka, Petro"]
[Result "1/2-1/2"]
[WhiteElo "2416"]
[BlackElo "2478"]
[WhiteFideId "-1"]
[BlackFideId "-1"]
[PlyCount "46"]
[GameId "2129404764996918"]
[EventDate "2018.08.11"]
[EventType "tourn"]
[EventRounds "9"]
[EventCountry "SWE"]
[EventCategory "8"]
[SourceTitle "10 Days #552"]
[Source "ChessMix"]
[SourceDate "2018.08.20"]
[SourceVersion "1"]
[SourceVersionDate "2018.08.20"]
[SourceQuality "1"]
[TimeControl "90+30"]
[WhiteClock "0:49:01"]
[BlackClock "0:38:34"]

1. e4 {[%emt 0:00:00]} c6 {[%emt 0:00:00]} 2. d4 {[%emt 0:00:00]} d5 {[%emt 0:00:00]} 3. exd5 {[%emt 0:00:00]} cxd5 {[%emt 0:00:00]} 4. c4 {[%emt 0:00:00]} Nf6 {[%emt 0:00:00]} 5. Nc3 {[%emt 0:00:00]} e6 {[%emt 0:00:00]} 6. Nf3 {[%emt 0:00:00]} Bb4 {[%emt 0:00:00]} 7. cxd5 {[%emt 0:00:00]} Nxd5 {[%emt 0:00:00]} 8. Bd2 {[%emt 0:00:00]} Nc6 {[%emt 0:00:00]} 9. Bd3 {[%emt 0:00:00]} Nf6 {[%emt 0:00:00]} 10. a3 {[%emt 0:00:00]} Be7 {[%emt 0:00:00]} 11. Be3 {[%emt 0:00:00]} O-O {[%emt 0:00:00]} 12. O-O {[%emt 0:00:00]} b6 {[%emt 0:00:00]} 13. Qc2 {[%emt 0:00:00]} Bb7 {[%emt 0:00:00]} 14. Rad1 {[%emt 0:00:00]} g6 {[%emt 0:00:00]} 15. Rfe1 {[%emt 0:00:00]} Rc8 {[%emt 0:00:00]} 16. Qe2 {[%emt 0:00:00]} Re8 {[%emt 0:00:00]} 17. Bh6 {[%emt 0:00:00]} Ng4 {[%emt 0:00:00]} 18. Bf4 {[%emt 0:00:00]} Nf6 {[%emt 0:00:00]} 19. Bc4 {[%emt 0:00:00]} Na5 {[%emt 0:00:00]} 20. Bb5 {[%emt 0:00:00]} Bc6 {[%emt 0:00:00]} 21. Ba6 {[%emt 0:00:00]} Bb7 {[%emt 0:00:00]} 22. Bb5 {[%emt 0:00:00]} Bc6 {[%emt 0:00:00]} 23. Ba6 {[%emt 0:00:00]} Bb7 {[%emt 0:00:00]} 1/2-1/2

[Event "SS Manhem GM"]
[Site "Molnlycke SWE"]
[Date "2018.08.12"]
[Round "3.2"]
[White "Golubka, Petro"]
[Black "Rozentalis, Eduardas"]
[Result "1/2-1/2"]
[WhiteElo "2478"]
[BlackElo "2503"]
[WhiteFideId "-1"]
[BlackFideId "-1"]
[PlyCount "33"]
[GameId "2129404764996923"]
[EventDate "2018.08.11"]
[EventType "tourn"]
[EventRounds "9"]
[EventCountry "SWE"]
[EventCategory "8"]
[SourceTitle "10 Days #552"]
[Source "ChessMix"]
[SourceDate "2018.08.20"]
[SourceVersion "1"]
[SourceVersionDate "2018.08.20"]
[SourceQuality "1"]
[TimeControl "90+30"]
[WhiteClock "0:56:10"]
[BlackClock "0:54:50"]

1. Nf3 {[%emt 0:00:00]} Nf6 {[%emt 0:00:00]} 2. c4 {[%emt 0:00:00]} e6 {[%emt 0:00:00]} 3. d4 {[%emt 0:00:00]} b6 {[%emt 0:00:00]} 4. a3 {[%emt 0:00:00]} d5 {[%emt 0:00:00]} 5. Nc3 {[%emt 0:00:00]} Be7 {[%emt 0:00:00]} 6. cxd5 {[%emt 0:00:00]} exd5 {[%emt 0:00:00]} 7. Bg5 {[%emt 0:00:00]} O-O {[%emt 0:00:00]} 8. e3 {[%emt 0:00:00]} Bb7 {[%emt 0:00:00]} 9. Bd3 {[%emt 0:00:00]} Nbd7 {[%emt 0:00:00]} 10. Qc2 {[%emt 0:00:00]} h6 {[%emt 0:00:00]} 11. Bf4 {[%emt 0:00:00]} c5 {[%emt 0:00:00]} 12. O-O {[%emt 0:00:00]} a6 {[%emt 0:00:00]} 13. Rfe1 {[%emt 0:00:00]} c4 {[%emt 0:00:00]} 14. Bf5 {[%emt 0:00:00]} b5 {[%emt 0:00:00]} 15. Ne5 {[%emt 0:00:00]} Nb6 {[%emt 0:00:00]} 16. Rad1 {[%emt 0:00:00]} Nc8 {[%emt 0:00:00]} 17. Ng4 {[%emt 0:00:00]} 1/2-1/2

[Event "SS Manhem GM"]
[Site "Molnlycke SWE"]
[Date "2018.08.13"]
[Round "4.2"]
[White "Schneider, Stefan"]
[Black "Golubka, Petro"]
[Result "0-1"]
[WhiteElo "2399"]
[BlackElo "2478"]
[WhiteFideId "-1"]
[BlackFideId "-1"]
[PlyCount "72"]
[GameId "2129404764996928"]
[EventDate "2018.08.11"]
[EventType "tourn"]
[EventRounds "9"]
[EventCountry "SWE"]
[EventCategory "8"]
[SourceTitle "10 Days #552"]
[Source "ChessMix"]
[SourceDate "2018.08.20"]
[SourceVersion "1"]
[SourceVersionDate "2018.08.20"]
[SourceQuality "1"]
[TimeControl "90+30"]
[WhiteClock "0:48:55"]
[BlackClock "0:01:22"]

1. d4 {[%emt 0:00:00]} Nf6 {[%emt 0:00:00]} 2. c4 {[%emt 0:00:00]} e6 {[%emt 0:00:00]} 3. Nf3 {[%emt 0:00:00]} b6 {[%emt 0:00:00]} 4. g3 {[%emt 0:00:00]} Ba6 {[%emt 0:00:00]} 5. Qa4 {[%emt 0:00:00]} Bb7 {[%emt 0:00:00]} 6. Bg2 {[%emt 0:00:00]} Be7 {[%emt 0:00:00]} 7. O-O {[%emt 0:00:00]} O-O {[%emt 0:00:00]} 8. Nc3 {[%emt 0:00:00]} d5 {[%emt 0:00:00]} 9. Ne5 {[%emt 0:00:00]} c6 {[%emt 0:00:00]} 10. Rd1 {[%emt 0:00:00]} a6 {[%emt 0:00:00]} 11. Qc2 {[%emt 0:00:00]} Nbd7 {[%emt 0:00:00]} 12. e4 {[%emt 0:00:00]} dxc4 {[%emt 0:00:00]} 13. Nxc4 {[%emt 0:00:00]} b5 {[%emt 0:00:00]} 14. Ne3 {[%emt 0:00:00]} Rc8 {[%emt 0:00:00]} 15. e5 {[%emt 0:00:00]} Nd5 {[%emt 0:00:00]} 16. Be4 {[%emt 0:00:00]} f5 {[%emt 0:00:00]} 17. exf6 {[%emt 0:00:00]} N7xf6 {[%emt 0:00:00]} 18. Bg2 {[%emt 0:00:00]} c5 {[%emt 0:00:00]} 19. dxc5 {[%emt 0:00:00]} Bxc5 {[%emt 0:00:00]} 20. Qb3 {[%emt 0:00:00]} Kh8 {[%emt 0:00:00]} 21. a4 {[%emt 0:00:00]} b4 {[%emt 0:00:00]} 22. Ncxd5 {[%emt 0:00:24]} exd5 {[%emt 0:00:00]} 23. a5 {[%emt 0:02:46]} Qe7 {[%emt 0:00:00]} 24. Qd3 {[%emt 0:06:46]} Qf7 {[%emt 0:00:00]} 25. Rf1 {[%emt 0:00:23]} Bc6 {[%emt 0:00:00]} 26. Qxa6 {[%emt 0:00:19]} Qe8 {[%emt 0:00:00]} 27. Qd3 {[%emt 0:02:07]} Bb5 {[%emt 0:00:00]} 28. Qd1 {[%emt 0:00:12]} Bxf1 {[%emt 0:00:00]} 29. Qxf1 {[%emt 0:00:41]} Ne4 {[%emt 0:00:00]} 30. Bxe4 {[%emt 0:00:47]} Qxe4 {[%emt 0:00:00]} 31. Bd2 {[%emt 0:01:18]} Bd4 {[%emt 0:00:00]} 32. Ra4 {[%emt 0:00:41]} Rc2 {[%emt 0:00:00]} 33. Qd1 {[%emt 0:00:59]} Rxf2 {[%emt 0:00:00]} 34. Qxc2 {[%emt 0:00:07]} Rg2+ {[%emt 0:00:00]} 35. Kh1 {[%emt 0:00:09]} Qxc2 {[%emt 0:00:00]} 36. Rxb4 {[%emt 0:00:29]} Rxh2+ {[%emt 0:00:00]} 0-1

[Event "SS Manhem GM"]
[Site "Molnlycke SWE"]
[Date "2018.08.14"]
[Round "5.1"]
[White "Golubka, Petro"]
[Black "Johansson, Linus"]
[Result "1/2-1/2"]
[WhiteElo "2478"]
[BlackElo "2457"]
[WhiteFideId "-1"]
[BlackFideId "-1"]
[PlyCount "94"]
[GameId "2129404764996932"]
[EventDate "2018.08.11"]
[EventType "tourn"]
[EventRounds "9"]
[EventCountry "SWE"]
[EventCategory "8"]
[SourceTitle "10 Days #552"]
[Source "ChessMix"]
[SourceDate "2018.08.20"]
[SourceVersion "1"]
[SourceVersionDate "2018.08.20"]
[SourceQuality "1"]
[TimeControl "90+30"]
[WhiteClock "0:08:57"]
[BlackClock "0:10:34"]

1. d4 {[%emt 0:00:00]} Nf6 {[%emt 0:00:00]} 2. c4 {[%emt 0:00:00]} e6 {[%emt 0:00:00]} 3. Nf3 {[%emt 0:00:00]} b6 {[%emt 0:00:00]} 4. a3 {[%emt 0:00:00]} Bb7 {[%emt 0:00:00]} 5. Nc3 {[%emt 0:00:00]} d5 {[%emt 0:00:00]} 6. cxd5 {[%emt 0:00:00]} Nxd5 {[%emt 0:00:00]} 7. e3 {[%emt 0:00:00]} Nxc3 {[%emt 0:00:00]} 8. bxc3 {[%emt 0:00:00]} g6 {[%emt 0:00:00]} 9. h4 {[%emt 0:00:00]} h6 {[%emt 0:00:00]} 10. Bb5+ {[%emt 0:00:00]} c6 {[%emt 0:00:00]} 11. Bd3 {[%emt 0:00:00]} Bg7 {[%emt 0:00:00]} 12. h5 {[%emt 0:00:00]} g5 {[%emt 0:00:00]} 13. e4 {[%emt 0:00:00]} c5 {[%emt 0:00:00]} 14. Be3 {[%emt 0:00:00]} Nc6 {[%emt 0:00:00]} 15. Rc1 {[%emt 0:00:00]} Qd6 {[%emt 0:00:00]} 16. dxc5 {[%emt 0:00:00]} bxc5 {[%emt 0:00:00]} 17. Bb5 {[%emt 0:00:00]} Qxd1+ {[%emt 0:00:00]} 18. Kxd1 {[%emt 0:00:00]} O-O-O+ {[%emt 0:00:00]} 19. Ke2 {[%emt 0:00:00]} Na5 {[%emt 0:00:00]} 20. Nd2 {[%emt 0:00:00]} Rd6 {[%emt 0:00:00]} 21. f3 {[%emt 0:00:00]} Rhd8 {[%emt 0:00:00]} 22. Rc2 {[%emt 0:00:00]} Be5 {[%emt 0:00:00]} 23. Nc4 {[%emt 0:00:00]} Nxc4 {[%emt 0:00:00]} 24. Bxc4 {[%emt 0:00:00]} Bf4 {[%emt 0:00:00]} 25. Bxf4 {[%emt 0:00:00]} gxf4 {[%emt 0:00:00]} 26. Rh4 {[%emt 0:00:00]} Rg8 {[%emt 0:00:00]} 27. Kf2 {[%emt 0:00:00]} e5 {[%emt 0:00:00]} 28. Bxf7 {[%emt 0:00:00]} Rg7 {[%emt 0:00:00]} 29. Bg6 {[%emt 0:00:00]} Rd1 {[%emt 0:00:00]} 30. Rg4 {[%emt 0:00:00]} Kc7 {[%emt 0:00:00]} 31. Bf5 {[%emt 0:00:00]} Rxg4 {[%emt 0:00:00]} 32. fxg4 {[%emt 0:00:00]} Ba6 {[%emt 0:00:00]} 33. c4 {[%emt 0:00:00]} Rh1 {[%emt 0:00:00]} 34. Rc3 {[%emt 0:00:00]} Kd8 {[%emt 0:00:00]} 35. g3 {[%emt 0:00:00]} Ke7 {[%emt 0:02:29]} 36. gxf4 {[%emt 0:00:00]} exf4 {[%emt 0:00:26]} 37. e5 {[%emt 0:00:00]} Bb7 {[%emt 0:01:11]} 38. Rd3 {[%emt 0:00:51]} Rh2+ {[%emt 0:02:01]} 39. Ke1 {[%emt 0:00:11]} Rh1+ {[%emt 0:00:06]} 40. Kd2 {[%emt 0:01:27]} Rh2+ {[%emt 0:00:18]} 41. Kc3 {[%emt 0:01:25]} Bc6 {[%emt 0:00:40]} 42. Rd5 {[%emt 0:09:55]} f3 {[%emt 0:08:03]} 43. Rxc5 {[%emt 0:00:12]} f2 {[%emt 0:00:09]} 44. Rxc6 {[%emt 0:00:15]} f1=Q {[%emt 0:00:21]} 45. Rc7+ {[%emt 0:00:04]} Kd8 {[%emt 0:00:09]} 46. Rc8+ {[%emt 0:00:04]} Ke7 {[%emt 0:00:05]} 47. Rc7+ {[%emt 0:00:02]} Kd8 {[%emt 0:00:05]} 1/2-1/2

[Event "SS Manhem GM"]
[Site "Molnlycke SWE"]
[Date "2018.08.15"]
[Round "6.2"]
[White "Sammalvuo, Tapani"]
[Black "Golubka, Petro"]
[Result "1-0"]
[WhiteElo "2411"]
[BlackElo "2478"]
[WhiteFideId "-1"]
[BlackFideId "-1"]
[PlyCount "125"]
[GameId "2129404764996938"]
[EventDate "2018.08.11"]
[EventType "tourn"]
[EventRounds "9"]
[EventCountry "SWE"]
[EventCategory "8"]
[SourceTitle "10 Days #552"]
[Source "ChessMix"]
[SourceDate "2018.08.20"]
[SourceVersion "1"]
[SourceVersionDate "2018.08.20"]
[SourceQuality "1"]
[TimeControl "90+30"]
[WhiteClock "0:24:13"]
[BlackClock "0:15:41"]

1. d4 {[%emt 0:00:00]} Nf6 {[%emt 0:00:00]} 2. c4 {[%emt 0:00:00]} e6 {[%emt 0:00:00]} 3. Nc3 {[%emt 0:00:00]} Bb4 {[%emt 0:00:00]} 4. e3 {[%emt 0:00:00]} d5 {[%emt 0:00:00]} 5. a3 {[%emt 0:00:00]} Be7 {[%emt 0:00:00]} 6. Nf3 {[%emt 0:00:00]} b6 {[%emt 0:00:00]} 7. cxd5 {[%emt 0:00:00]} exd5 {[%emt 0:00:00]} 8. Qa4+ {[%emt 0:00:00]} c6 {[%emt 0:00:00]} 9. Ne5 {[%emt 0:00:00]} Bb7 {[%emt 0:00:00]} 10. Be2 {[%emt 0:00:00]} O-O {[%emt 0:00:00]} 11. O-O {[%emt 0:00:00]} a6 {[%emt 0:00:00]} 12. Bf3 {[%emt 0:00:00]} Bd6 {[%emt 0:00:00]} 13. e4 {[%emt 0:00:00]} Bxe5 {[%emt 0:00:00]} 14. dxe5 {[%emt 0:00:00]} Nfd7 {[%emt 0:00:00]} 15. exd5 {[%emt 0:00:00]} Nxe5 {[%emt 0:00:00]} 16. Be4 {[%emt 0:00:00]} cxd5 {[%emt 0:00:00]} 17. Rd1 {[%emt 0:00:00]} b5 {[%emt 0:00:00]} 18. Qc2 {[%emt 0:00:00]} dxe4 {[%emt 0:00:00]} 19. Rxd8 {[%emt 0:00:00]} Rxd8 {[%emt 0:00:00]} 20. Bg5 {[%emt 0:00:00]} Rc8 {[%emt 0:00:00]} 21. Qe2 {[%emt 0:00:00]} Rc4 {[%emt 0:00:00]} 22. Rd1 {[%emt 0:00:00]} Nbd7 {[%emt 0:00:00]} 23. Nd5 {[%emt 0:00:00]} h6 {[%emt 0:00:00]} 24. Be3 {[%emt 0:00:00]} Re8 {[%emt 0:00:00]} 25. b3 {[%emt 0:00:25]} Rcc8 {[%emt 0:00:00]} 26. Nf4 {[%emt 0:02:14]} Nc5 {[%emt 0:00:00]} 27. Bxc5 {[%emt 0:05:55]} Rxc5 {[%emt 0:00:00]} 28. Qe3 {[%emt 0:00:38]} Rec8 {[%emt 0:00:00]} 29. h3 {[%emt 0:00:07]} Nd3 {[%emt 0:00:00]} 30. Nxd3 {[%emt 0:00:48]} exd3 {[%emt 0:00:00]} 31. Rxd3 {[%emt 0:00:41]} Bd5 {[%emt 0:00:00]} 32. Qd4 {[%emt 0:00:34]} Be6 {[%emt 0:00:00]} 33. Rg3 {[%emt 0:00:12]} g6 {[%emt 0:00:46]} 34. Kh2 {[%emt 0:00:44]} Kh7 {[%emt 0:02:00]} 35. Re3 {[%emt 0:01:10]} R5c6 {[%emt 0:01:25]} 36. Qb4 {[%emt 0:02:06]} Rc5 {[%emt 0:01:16]} 37. Qa5 {[%emt 0:00:16]} R5c6 {[%emt 0:01:24]} 38. Rd3 {[%emt 0:00:17]} Bf5 {[%emt 0:01:40]} 39. Rf3 {[%emt 0:00:06]} Be6 {[%emt 0:00:04]} 40. Re3 {[%emt 0:00:07]} Rd6 {[%emt 0:01:03]} 41. Qb4 {[%emt 0:04:01]} Rcd8 {[%emt 0:00:53]} 42. Qc3 {[%emt 0:00:51]} R8d7 {[%emt 0:02:25]} 43. b4 {[%emt 0:00:00]} Rd8 {[%emt 0:00:00]} 44. Qe5 {[%emt 0:00:00]} Rd3 {[%emt 0:00:00]} 45. Qg3 {[%emt 0:00:00]} Bc4 {[%emt 0:00:00]} 46. Qf4 {[%emt 0:00:00]} Rxe3 {[%emt 0:00:00]} 47. Qxe3 {[%emt 0:00:00]} Rd3 {[%emt 0:00:00]} 48. Qc1 {[%emt 0:00:00]} Be6 {[%emt 0:00:00]} 49. f3 {[%emt 0:00:00]} Rb3 {[%emt 0:00:00]} 50. Kg3 {[%emt 0:00:00]} Rd3 {[%emt 0:00:00]} 51. Kf4 {[%emt 0:00:00]} Bc4 {[%emt 0:00:00]} 52. Ke4 {[%emt 0:00:00]} Rb3 {[%emt 0:00:00]} 53. Kd4 {[%emt 0:00:00]} Be6 {[%emt 0:00:00]} 54. Qa1 {[%emt 0:00:00]} Kg8 {[%emt 0:00:00]} 55. Kc5 {[%emt 0:00:00]} Rd3 {[%emt 0:00:00]} 56. Kb6 {[%emt 0:00:00]} Rd6+ {[%emt 0:00:00]} 57. Kc7 {[%emt 0:00:00]} Rd3 {[%emt 0:00:00]} 58. Kb7 {[%emt 0:00:00]} Rd6 {[%emt 0:00:00]} 59. Qe5 {[%emt 0:00:00]} Rd3 {[%emt 0:00:00]} 60. Kxa6 {[%emt 0:00:00]} Bd7 {[%emt 0:00:00]} 61. Kb6 {[%emt 0:00:00]} h5 {[%emt 0:00:00]} 62. Kc7 {[%emt 0:00:00]} Rd2 {[%emt 0:00:00]} 63. Qe7 {[%emt 0:00:00]} 1-0